Biodiversity land use change and human well-being: (Record no. 37989)

MARC details
000 -LEADER
fixed length control field 00861nam a22002057a 4500
005 - DATE AND TIME OF LATEST TRANSACTION
control field 2010072707237.0
010 ## - LCCN (DPL NO)
LC control number ENG-97015
020 ## - INTERNATIONAL STANDARD BOOK NUMBER
International Standard Book Number 0198060211
Terms of availability 795.00
020 ## - INTERNATIONAL STANDARD BOOK NUMBER
International Standard Book Number 9780198060215
Terms of availability 795.00
035 ## - SYSTEM CONTROL NUMBER
System control number EN-80548
037 ## - SOURCE OF ACQUISITION
Source of stock number/acquisition DBAD/PUB
082 ## - DEWEY DECIMAL CLASSIFICATION NUMBER
Classification number 639.58095414
100 ## - MAIN ENTRY--PERSONAL NAME
Personal name Chopra, Kanchan
245 ## - TITLE STATEMENT
Title Biodiversity land use change and human well-being:
Remainder of title a study of aquaculture in the Indian sundarbans /
Statement of responsibility, etc Kanchan Chopra, Preeti Kapuria [and] Pushpam Kumar
260 ## - PUBLICATION, DISTRIBUTION, ETC. (IMPRINT)
Place of publication, distribution, etc New Delhi
Name of publisher, distributor, etc Oxford University
Date of publication, distribution, etc 2009
270 ## - ADDRESS
Address YMCA Library Building, Jai Singh Road
City New Delhi
Postal code 110001
300 ## - PHYSICAL DESCRIPTION
Extent xviii,273p.
Dimensions 22cm (Hb)
942 ## - ADDED ENTRY ELEMENTS (KOHA)
Source of classification or shelving scheme Dewey Decimal Classification
Item type English Books
Classification part 639.58095414
Call number suffix CHO
Holdings
Withdrawn status Lost status Not for loan Collection code Home library Current library Date acquired Source of acquisition Cost, normal purchase price Full call number Barcode Copy number Cost, replacement price Koha item type
    Not For Loan Non-fiction D.B.Act.Division D.B.Act.Division 27/07/2010 DBAD/PUB 795.00 639.58095414 CHO EN-80548 1 795.00 English Books

© Delhi Public Library
Hit Counter
free hit counter